| 000 | 00766nam a2200193 a 4500 | ||
|---|---|---|---|
| 008 | 161026s2016 ||||||||||||||||| || u | ||
| 020 | _a9781292077611 | ||
| 050 | _aHF 5415.129 Cha | ||
| 100 | _aChaffey, Dave | ||
| 245 | 1 | 0 |
_aDigital marketing: strategy, implementation and practice. (6th ed.) _cBy Dave Chaffey [and] Fiona Ellis-Chadwick |
| 250 | _a6th ed. | ||
| 260 |
_aHarlow: _bPearson Education Limited _c2016 |
||
| 300 | _axiii, 702 pages: ill. | ||
| 650 | _aMARKETING MANAGEMENT | ||
| 650 | 0 | _aINTERNET MARKETING | |
| 650 | 0 | _aELECTRONIC COMMERCE | |
| 700 | _aEllis-Chadwick, Fiona | ||
| 995 |
_FCBU-MAIN LIBRARY (Kitwe) _I163.20 _M1 _UAVAILABLE _WOct 27, 2016 _ZMain Library Open Access Collection |
||
| 999 |
_c40180 _d40180 |
||